00000000nam##2200000za#4500
0019.588140
003CaOODSP
00520260128153013
007cr |||||||||||
008150406|1992||||xxc|||||o    f|0| 0 fre|d
022 |a1488-5379
040 |aCaOODSP|bfre
041 |aeng
041 |afre
043 |an-cn---
0861 |aFs97-6/1900-PDF
1102 |aInstitut Maurice-Lamontagne.
24510|aAtlas de la pêche à la crevette nordique (Pandalus borealis) dans le golfe du Saint-Laurent 1982-1991 : |h[ressource électronique]|bcaptures, effort, rendement, saison / |c[par] Y. Simard ... [et al.].
260 |aMont-Joli - Québec : |bPêches et Océans Canada. |cc1992.
300 |a76p.|bcartes, tableaux
4901 |aRapport technique canadien des sciences halieutiques et aquatiques|x1488-5379|vN° 1900
500 |aLe n° de catalogue (Fs-97-6/1900) et l'ISSN (0706-6570) de l'édition imprimée bilingue ont été incorrectement copiés dans l'édition électronique.
590 |a12-23-Supp|b2012-05-28
7201 |aSimard, Y.
7760#|tAtlas of the northern shrimp (Pandalus borealis) fishing in the Gulf of St. Lawrence 1982-1991: catch, effort, yield, season / |w(CaOODSP)9.523694
791 |tAtlas of the northern shrimp (Pandalus borealis) fishing in the Gulf of St. Lawrence 1982-1991 : |eeng|w(CaOODSP)9.588139
830#0|aRapport technique canadien des sciences halieutiques et aquatiques,|x1488-5379|vN° 1900|w(CaOODSP)9.500270
85640|ahttp://publications.gc.ca|qPDF|s4.17 Mo|uhttps://publications.gc.ca/collections/collection_2012/mpo-dfo/Fs97-6-1900.pdf|yN° 1900